[Event "Pasanauri op"]
[Site "Pasanauri"]
[Date "1997.??.??"]
[Round "?"]
[White "Gasparian, Narine"]
[Black "Gaprindashvili, Nona"]
[Result "0-1"]
[WhiteElo "2030"]
[BlackElo "2350"]
[PlyCount "69"]
[EventDate "1997.??.??"]
[EventType "swiss"]
[EventRounds "9"]
[EventCountry "GEO"]
[SourceTitle "EXT 2002"]
[Source "ChessBase"]
[SourceDate "2001.11.25"]
[SourceVersion "1"]
[SourceVersionDate "2001.11.25"]
[SourceQuality "1"]

1. e4 g6 2. d4 Bg7 3. Nc3 d6 4. Be3 a6 5. Nf3 Nd7 6. Bc4 e6 7. Qd2 h6 8. a4 b6 9. 0-0 Bb7 10. Rfe1 Ne7 11. Rad1 Nf6 12. d5 e5 13. h3 g5 14. Nh2 Ng6 15. g3 Bc8 16. Bf1 Bd7 17. Bg2 Qc8 18. f4 gxf4 19. gxf4 exf4 20. e5 fxe3 21. exf6 Bxf6 22. Rxe3+ Kf8 23. Rf3 Bg5 24. Qd4 Ne5 25. Rf2 Rg8 26. Nf3 Bxh3 27. Nxe5 dxe5 28. Qxe5 Bxg2 29. Rxg2 Qh3 30. Qh2 Qe3+ 31. Kh1 Qf3 32. Ne2 Bf4 33. Rd3 Qxd3 34. Nxf4 Qd1+ 35. Qg1 0-1